〈スマブラ〉登場するポケモン - Statistics

General Stats
  • This quiz has been taken 158 times
  • The average score is 62 of 182
Answer Stats
図鑑 登場 ポケモン % Correct
0006 ファイター リザードン
93%
0025 ファイター ピカチュウ
91%
0025 スピリッツ {ピカチュウ}(相棒)
91%
0007 ファイター ゼニガメ
82%
名探偵 スピリッツ 名探偵ピカチュウ
82%
0002 ファイター フシギソウ
81%
0151 ボール ミュウ
81%
0150 ファイター ミュウツー
79%
0003 スピリッツ フシギバナ
75%
0448 ファイター ルカリオ
75%
0658 ファイター ゲッコウガ
69%
0009 スピリッツ カメックス
68%
0172 ファイター ピチュー
65%
0004 スピリッツ ヒトカゲ
63%
0006 スピリッツ {メガリザードン}X
63%
0026 ボール {ライチュウ}(アローラのすがた)
60%
0103 ボール {ナッシー}(アローラのすがた)
60%
0039 ファイター プリン
59%
0484 ボール パルキア
59%
0487 ボール {ギラティナ}(アナザーフォルム)
59%
0487 スピリッツ {ギラティナ} (オリジンフォルム)
59%
0483 スピリッツ ディアルガ
58%
0382 ボール カイオーガ
56%
0727 ファイター ガオガエン
55%
0133 ボール イーブイ
53%
0133 スピリッツ {イーブイ}(相棒)
53%
0493 ボール アルセウス
53%
0646 ボール キュレム
52%
0647 ボール {ケルディオ}(いつものすがた)
52%
0647 スピリッツ {ケルディオ}(かくごのすがた)
52%
0383 スピリッツ グラードン
51%
0118 ボール トサキント
50%
0249 ボール ルギア
50%
0250 スピリッツ ホウオウ
50%
0150 スピリッツ {メガミュウツー}Y
50%
0384 スピリッツ レックウザ
49%
0718 スピリッツ {ジガルデ}(50%フォルム)
48%
0718 スピリッツ {ジガルデ}(パーフェクトフォルム)
48%
0494 ボール ビクティニ
47%
0792 ボール ルナアーラ
47%
0491 ボール ダークライ
46%
0643 スピリッツ レシラム
46%
0644 スピリッツ ゼクロム
46%
0037 ボール ロコン
45%
0037 ボール {ロコン}(アローラのすがた)
45%
0645 スピリッツ {ランドロス}(れいじゅうフォルム)
45%
0492 スピリッツ {シェイミ}(ランドフォルム)
44%
0492 スピリッツ {シェイミ} (スカイフォルム)
44%
0648 ボール {メロエッタ}(ボイスフォルム)
44%
0380 ボール ラティアス
43%
0381 ボール ラティオス
43%
0716 ボール ゼルネアス
43%
0791 ボール ソルガレオ
43%
0386 ボール {デオキシス}(ノーマルフォルム)
43%
0642 スピリッツ {ボルトロス}(けしんフォルム)
42%
0720 スピリッツ {フーパ}(いましめられし)
42%
0720 スピリッツ {フーパ} (ときはなたれし)
42%
0144 スピリッツ フリーザー
41%
0145 スピリッツ サンダー
41%
0146 ボール ファイヤー
40%
0641 スピリッツ {トルネロス}(けしんフォルム)
40%
0101 ボール マルマイン
39%
0245 ボール スイクン
39%
0717 スピリッツ イベルタル
39%
0243 スピリッツ ライコウ
37%
0244 ボール エンテイ
37%
0251 スピリッツ セレビィ
36%
0571 ボール ゾロアーク
36%
0650 ボール ハリマロン
36%
0052 ボール ニャース
35%
0143 ボール カビゴン
34%
0149 スピリッツ カイリュー
34%
0445 スピリッツ ガブリアス
34%
0649 ボール ゲノセクト
34%
0383 スピリッツ ゲンシグラードン
33%
0486 スピリッツ レジギガス
33%
0130 スピリッツ ギャラドス
32%
0653 ボール フォッコ
32%
0785 ボール カプ・コケコ
32%
0888 スピリッツ ザシアン
32%
0376 ボール メタグロス
31%
0382 スピリッツ ゲンシカイオーガ
31%
0501 ボール ミジュマル
31%
0778 ボール ミミッキュ
31%
0016 スピリッツ ポッポ
30%
0120 ボール ヒトデマン
30%
0132 ボール メタモン
30%
0495 ボール ツタージャ
30%
0011 スピリッツ トランセル
29%
0282 ボール サーナイト
29%
0480 スピリッツ ユクシー
29%
0721 スピリッツ ボルケニオン
29%
0800 スピリッツ ネクロズマ
29%
0889 スピリッツ ザマゼンタ
29%
1007 スピリッツ コライドン
29%
0094 スピリッツ ゲンガー
28%
0152 スピリッツ チコリータ
28%
0212 ボール ハッサム
28%
0481 スピリッツ エムリット
28%
0482 スピリッツ アグノム
28%
0488 スピリッツ クレセリア
28%
0638 スピリッツ コバルオン
28%
1008 スピリッツ ミライドン
28%
0646 スピリッツ ホワイトキュレム
28%
0646 スピリッツ ブラックキュレム
28%
0490 スピリッツ マナフィ
27%
0027 スピリッツ サンド
26%
0113 スピリッツ ラッキー
26%
0639 スピリッツ テラキオン
26%
0640 スピリッツ ビリジオン
26%
0906 スピリッツ ニャオハ
26%
0035 スピリッツ ピッピ
25%
0175 ボール トゲピー
25%
0248 スピリッツ バンギラス
25%
0373 スピリッツ ボーマンダ
25%
0393 スピリッツ ポッチャマ
25%
0801 スピリッツ マギアナ
25%
0802 ボール マーシャドー
25%
0909 スピリッツ ホゲータ
25%
0063 ボール ケーシィ
24%
0068 スピリッツ カイリキー
24%
0635 スピリッツ サザンドラ
24%
0702 ボール デデンネ
24%
0719 スピリッツ ディアンシー
24%
0722 スピリッツ モクロー
24%
0202 スピリッツ ソーナンス
23%
0460 ボール ユキノオー
23%
0813 スピリッツ ヒバニー
23%
0912 スピリッツ クワッス
23%
0024 スピリッツ アーボック
22%
0131 スピリッツ ラプラス
22%
0448 スピリッツ メガルカリオ
22%
0777 ボール トゲデマル
22%
0257 スピリッツ バシャーモ
20%
0661 ボール ヤヤコマ
20%
0673 ボール ゴーゴート
20%
0810 スピリッツ サルノリ
20%
0816 スピリッツ メッソン
20%
0115 スピリッツ ガルーラ
19%
0137 スピリッツ ポリゴン
19%
0479 スピリッツ ロトム
19%
0686 ボール マーイーカ
18%
0760 ボール キテルグマ
18%
0054 スピリッツ コダック
17%
0079 スピリッツ ヤドン
17%
0128 スピリッツ ケンタロス
17%
0185 スピリッツ ウソッキー
17%
0201 スピリッツ アンノーン
17%
0359 スピリッツ アブソル
17%
0681 スピリッツ ギルガルド
17%
0771 ボール ナマコブシ
17%
1017 スピリッツ オーガポン
17%
0182 ボール キレイハナ
16%
0684 ボール ペロッパフ
16%
1024 スピリッツ テラパゴス
16%
0074 スピリッツ イシツブテ
15%
0127 スピリッツ カイロス
15%
0208 スピリッツ ハガネール
15%
0214 スピリッツ ヘラクロス
15%
0241 スピリッツ ミルタンク
15%
0665 ボール コフーライ
15%
0051 スピリッツ ダグトリオ
14%
0083 スピリッツ カモネギ
14%
0110 スピリッツ マタドガス
14%
0181 スピリッツ デンリュウ
14%
0609 スピリッツ シャンデラ
14%
0082 スピリッツ レアコイル
13%
0106 スピリッツ サワムラー
13%
0793 スピリッツ ウツロイド
13%
0059 スピリッツ ウインディ
12%
0078 スピリッツ ギャロップ
12%
0229 スピリッツ ヘルガー
12%
0823 スピリッツ アーマーガア
12%
0877 スピリッツ モルペコ
12%
0104 スピリッツ カラカラ
11%
0194 スピリッツ ウパー
11%
0227 スピリッツ エアームド
11%
0350 スピリッツ ミロカロス
11%
0183 スピリッツ マリル
10%
0235 スピリッツ ドーブル
10%
0330 スピリッツ フライゴン
10%
0292 スピリッツ ヌケニン
6%
No matching quizzes found
Score Distribution
Percent of People with Each Score
Percentile by Number Answered
Your Score History
You have not taken this quiz